000 00845nam a22001817a 4500
999 _c62057
_d62057
003 Ge_BSU
005 20240628102856.0
008 240628s1956 g ||||| |||| 00| 0 geo d
041 _ageo
080 _a61(479.22)(09) შ-48
100 _aშენგელია, მ. (მიხეილ)
_922623
245 _aნარკვევები მედიცინის ისტორიიდან საქართველოში /
_cმიხეილ შენგელია; რედ. მ. სააკაშვილი.
264 _aთბილისი :
_bსაქმედგამი,
_c1956.
300 _a136 გვ. ;
_b21 სმ.
653 _aმედიცინის ისტორია
700 _a სააკაშვილი, მ.
_eრედაქტორი
_922624
942 _2udc
_cᲬᲘᲒᲜᲘ